000 00555nam a2200193Ia 4500
005 20250507130226.0
008 008 250505s9999 xx 000 0 eng d
037 _aSeries Article
040 _aEASL
_beng
_cEASL
041 _aeng
_2eng
084 _qEASL
100 _aLi Lan
_9668924
245 0 _aChanging role of the popular religion of Nuo in modern chinese policitics
260 _aUK
_bCambridge Cambridge University Press UK
_c2011
300 _a1289-1312
650 _aReligion
942 _cSRA
999 _c1318418
_d1318418